LEADER 00999nam a2200277 i 4500 001 991000779739707536 005 20020503202331.0 008 940511s1988 us eng 020 $a0120797607 035 $ab10127732-39ule_inst 035 $aLE02522120$9ExL 040 $aFac. Economia$bita 082 0 $a620.7 100 1 $aBar-Shalom, Yaakov$054311 245 10$aTracking and data association /$cYaakov Bar-Shalom, Thomas E. Fortmann 260 $aSan Diego [etc.] :$bAcademic,$cc1988 300 $axiii, 353 p. ;$c24 cm 490 0 $aMathematics in science and engineering ;$v179 650 4$aIngegneria$xMetodi statistici 700 1 $aFortmann, Thomas E 907 $a.b10127732$b17-02-17$c27-06-02 912 $a991000779739707536 945 $aLE025 ECO 620 BAR01.01$g1$i2025000018747$lle025$o-$pE0.00$q-$rl$s- $t0$u0$v0$w0$x0$y.i10150080$z27-06-02 996 $aTracking and data association$9185900 997 $aUNISALENTO 998 $ale025$b01-01-94$cm$da $e-$feng$gus $h0$i1 LEADER 01160nam a2200337 i 4500 001 991001148819707536 005 20020507184142.0 008 931204s1986 ||| ||| | eng 020 $a3540167714 035 $ab10807597-39ule_inst 035 $aLE01307807$9ExL 040 $aDip.to Matematica$beng 082 0 $a511.6 084 $aAMS 05A10 084 $aAMS 05A15 084 $aAMS 13J05 084 $aAMS 14L15 100 1 $aDür, Arne$055036 245 10$aMöbius functions, incidence algebras and power series representations /$cArne Dür 260 $aBerlin :$bSpringer-Verlag,$c1986 300 $aviii, 134 p. ;$c24 cm 490 0 $aLecture notes in mathematics,$x0075-8434 ;$v1202 650 4$aFactorization 650 4$aPartial orders 650 4$aPower series 907 $a.b10807597$b23-02-17$c28-06-02 912 $a991001148819707536 945 $aLE013 05A DUR11 (1986)$g1$i2013000137902$lle013$op$pE0.00$q-$rl$s- $t0$u1$v0$w1$x0$y.i12499778$z14-04-03 996 $aMöbius functions, incidence algebras and power series representations$978565 997 $aUNISALENTO 998 $ale013$b01-01-93$cm$da $e-$feng$gde $h0$i1 LEADER 01208nam0 22003373i 450 001 VEA0091291 005 20231121125920.0 010 $a8845912752 100 $a19981119d1997 ||||0itac50 ba 101 | $aita$cita 102 $ait 181 1$6z01$ai $bxxxe 182 1$6z01$an 200 1 $a˜L'œarcipelago$fMassimo Cacciari 210 $aMilano$cAdelphi$d1997 215 $a161 p.$d22 cm 225 | $aSaggi$i. Nuova serie$v22 410 0$1001CFI0169344$12001 $aSaggi$i. Nuova serie$v22 500 10$a˜L'œarcipelago$3URB0961029$9CFIV010155$9863268 606 $aFilosofia$2FIR$3RMLC001456$9I 676 $a195$9Filosofia occidentale moderna. Italia.$v22 700 1$aCacciari$b, Massimo$3CFIV010155$4070$010356 801 3$aIT$bIT-01$c19981119 850 $aIT-RM028 $aIT-FR0017 899 $aBiblioteca Universitaria Alessandrina$bRM028 899 $aBiblioteca umanistica Giorgio Aprea$bFR0017 $eN 912 $aVEA0091291 950 0$aBiblioteca umanistica Giorgio Aprea$d 52DCB Cac.Arc.$e 52DUP0009021235 VMB RS $fA $h20190306$i20190306 977 $a 01$a 52 996 $aArcipelago$9863268 997 $aUNICAS